Every Current UEFA Football League Champion - Statistics

General Stats
  • This quiz has been taken 471 times
    55 since last reset
  • The average score is 23 of 54
Answer Stats
National Association Club % Correct
England Liverpool
100%
Spain Barcelona
96%
France Paris Saint-Germain
96%
Germany Bayern Munich
94%
Italy Napoli
94%
Portugal Sporting CP
88%
Turkey Galatasaray
86%
Netherlands PSV Eindhoven
84%
Scotland Celtic
82%
Greece Olympiacos
78%
Denmark Copenhagen
76%
Serbia Crvena zvezda
74%
Switzerland Basel
68%
Czech Republic Slavia Prague
68%
Israel Maccabi Tel Aviv
58%
Romania FCSB
56%
Hungary Ferencváros
56%
Slovakia Slovan Bratislava
56%
Kazakhstan Kairat Almaty
54%
Azerbaijan Qarabağ
54%
Ukraine Dynamo Kyiv
46%
Bulgaria Ludogorets Razgrad
44%
Cyprus Pafos
44%
Ireland Shamrock Rovers
42%
Austria Sturm Graz
42%
Slovenia Olimpija Ljubljana
34%
Estonia FC Flora
32%
Latvia Riga FC
32%
Belgium Union Saint-Gilloise
32%
Croatia Rijeka
30%
Iceland Víkingur Reykjavík
30%
Norway Viking FK
28%
Montenegro Budućnost Podgorica
26%
Russia Krasnodar
26%
Poland Lech Poznań
26%
Gibraltar Lincoln Red Imps
26%
Armenia Noah
26%
Faroe Islands KÍ Klaksvík
24%
Lithuania FK Kauno Žalgiris
20%
Wales The New Saints
20%
Kosovo Drita
18%
Northern Ireland Linfield
18%
Sweden Mjällby AIF
18%
Bosnia and Herzegovina Zrinjski Mostar
18%
Finland Kuopion Palloseura
16%
Malta Ħamrun Spartans
14%
Luxembourg Differdange 03
12%
North Macedonia Shkëndija
12%
Albania Egnatia
8%
Georgia FC Iberia
8%
Andorra Inter Club d'Escaldes
8%
San Marino AC Virtus
6%
Moldova Milsami Orhei
6%
Belarus ML Vitebsk
6%
No matching quizzes found
Score Distribution
Percent of People with Each Score
Percentile by Number Answered
Your Score History
You have not taken this quiz since the last reset